000 00894nam a22002417a 4500
005 2013012208218.0
008 130122t xxu||||| |||| 00| 0 eng d
010 _aENG-106642
020 _a9789381075661
_c300.00
035 _aEN-90175
037 _bDBAD / PUB
040 _aDPL
_bENG
082 _a615.19
100 _aPrasad, M. Raghu
_954940
245 _aAdvanced medicinal chemistry :
_cby M. Raghu Prasad [and] A. Raghuram Rao
_ba laboratory guide /
260 _aHyderabad
_bPharmaMed Press
_c2012
270 _a4-4-316, Giriraj Lane, Sultan Bazar,
_bHyderabad
_e500095
300 _axiii, 373p.
_c22cm(pbk)
500 _aIncludes index
700 _954941
_aRao, A. Raghuram
942 _2ddc
_cEN
_mPRA
_h615.19
999 _c73201
_d73201